000 nam a22 7a 4500
999 _c7145
_d7145
003 OSt
005 20180626182254.0
008 180626e201804 spc||||| |||||0|| 0 spa|d
017 _aDL. B.4335-2018
_bBiblioteca de Catalunya
020 _a9788491801290
040 _aES-BaUOC
_bcat
_cCDMR
100 1 _aRedondo, Myriam,
_eautor
245 1 0 _aVerificación digital para periodistas
_b: manual contra bulos y desinformación internacional /
_cMyriam Redondo
260 _aBarcelona :
_bEditorial UOC,
_c2018
300 _a170 p.
_c22 cm
650 0 4 _aMitjans de comunicació de massa
_xManipulació
_93243
650 0 7 _aDesinformació
_2lemac
650 0 4 _aXarxes socials en línia
_93128
650 7 _aRumor
_2lemac
_93901
_xAspectes socials
942 _cMON